| 000 | 00461nam a22001817a 4500 | ||
|---|---|---|---|
| 003 | NUST - PNEC | ||
| 005 | 20170116180819.0 | ||
| 008 | 150615b xxu||||| |||| 00| 0 eng d | ||
| 020 | _a- | ||
| 040 | _cLIBRARY | ||
| 082 | _a510 KAR | ||
| 100 |
_93969 _aKreyszig erwin |
||
| 245 |
_aAdvanced engineering mathatics _cErwin Kreyszig |
||
| 260 |
_aNew York _bjohn Wily sons _cc1962. |
||
| 300 | _a865 p. : | ||
| 650 |
_93980 _aMathematics _xME |
||
| 942 |
_2ddc _cBK |
||
| 999 |
_c63667 _d63667 |
||